Energetický sektor není jen zemní plyn nebo elektřina
Investičné príležitosti v energetickom sektore. Investície do solárnej energie. Investície do elektromobilov. Energetické spoločnosti zamerané na obnoviteľné zdroje energie. Investori, ktorí pri skladbe svojho portfólia kladú dôraz na klimatické, sociálne a riadiace kritériá spoločnosti, a taktiež d...
Gespeichert in:
| 1. Verfasser: | |
|---|---|
| Format: | Buchkapitel |
| Sprache: | Tschechisch |
| Schlagworte: | |
| Tags: |
Keine Tags, Fügen Sie das erste Tag hinzu!
|
MARC
| LEADER | 00000naa a2200000 4500 | ||
|---|---|---|---|
| 001 | 0299844 | ||
| 005 | 20240417075309.9 | ||
| 041 | 0 | |a cze | |
| 044 | |a CZ | ||
| 245 | 1 | 0 | |a Energetický sektor není jen zemní plyn nebo elektřina |c Pavel Daniel |
| 520 | |a Investičné príležitosti v energetickom sektore. Investície do solárnej energie. Investície do elektromobilov. Energetické spoločnosti zamerané na obnoviteľné zdroje energie. Investori, ktorí pri skladbe svojho portfólia kladú dôraz na klimatické, sociálne a riadiace kritériá spoločnosti, a taktiež dopad spoločnosti na životné prostredie. | ||
| 610 | 2 | 0 | |a energetika |
| 610 | 2 | 0 | |a energia |
| 610 | 2 | 0 | |a investície |
| 610 | 2 | 0 | |a firmy |
| 610 | 2 | 0 | |a indexy akciové |
| 610 | 2 | 0 | |a energia slnečná |
| 610 | 2 | 0 | |a zdroje energie obnoviteľné |
| 610 | 2 | 0 | |a elektromobily |
| 610 | 2 | 0 | |a ochrana prostredia životného |
| 100 | 1 | |a Daniel, Pavel | |